Statistiques concernant Toutes les communes des cantons de Saint-Nazaire (44)

Cliquez ici pour prendre le quiz!

Statistiques générales

  • Ce quiz a été pris 16 fois
  • Le résultat moyen est 4 sur 6

Réponses sur la Carte

Les réponses sont colorées sur une échelle allant du rouge au vert en fonction du pourcentage des utilisateurs qui les ont devinées à leur premier essai. Vous pouvez retrouver ces pourcentages ci-dessous.
 

Statistiques - réponses

Commune% Correct
Saint-Nazaire
100%
Trignac
91%
Montoir-de-Bretagne
82%
Donges
73%
Saint-Malo-de-Guersac
55%
Besné
45%

Distribution des résultats

Percentile par nombre de réponses

% des personnes avec chaque résultat

Votre développement - résultats

Vous n’avez pas pris ce quiz